00689nam a2200169 i 450000100060000000300090000600500170001500700030003200800410003510000430007624501640011926000480028330000210033150000700035270000640042285200330048673982ES-MaACL20260127062531.0t|040914s1917 sp ||||1| spa d1 aGonzález Besada, Augusto,d1865-191913aLa situación del crédito público ante la guerra / cconferencia de Augusto González Besada pronunciada en la sesión pública de 11 de abril de 1917. aMadrid : b[s.n.], c1917 (fJaime Ratés) a41 p. ; c22 cm. aPrecede al tit.: Real Academia de Jurisprudencia y Legislación. aReal Academia de Jurisprudencia y Legislación de España aES-MaACLj1863-F-9 bR.21479